<?xml version="1.0" encoding="UTF-8"?>
<collection xmlns="http://www.loc.gov/MARC21/slim">
<record>
  <controlfield tag="001">147224</controlfield>
  <controlfield tag="005">20241216115435.0</controlfield>
  <datafield tag="024" ind1="7" ind2=" ">
    <subfield code="2">doi</subfield>
    <subfield code="a">10.32997/RVP-vol.18-num.2-2024-4862</subfield>
  </datafield>
  <datafield tag="024" ind1="8" ind2=" ">
    <subfield code="2">sideral</subfield>
    <subfield code="a">140919</subfield>
  </datafield>
  <datafield tag="037" ind1=" " ind2=" ">
    <subfield code="a">ART-2024-140919</subfield>
  </datafield>
  <datafield tag="041" ind1=" " ind2=" ">
    <subfield code="a">spa</subfield>
  </datafield>
  <datafield tag="100" ind1=" " ind2=" ">
    <subfield code="a">Suárez-Campos, Laura</subfield>
  </datafield>
  <datafield tag="245" ind1=" " ind2=" ">
    <subfield code="a">La conceptualización metafórica y metonímica de las emociones: la IRA en el español de Colombia y de España</subfield>
  </datafield>
  <datafield tag="260" ind1=" " ind2=" ">
    <subfield code="c">2024</subfield>
  </datafield>
  <datafield tag="520" ind1="3" ind2=" ">
    <subfield code="a">Este artículo examina cómo las lenguas codifican conceptos abstractos, como las emociones, mediante el razonamiento metafórico y metonímico, desde la perspectiva de la Lingüística Cognitiva. Adoptando la Teoría de la Metáfora y la Metonimia Conceptuales, con un enfoque especial en la motivación y la corporeización, esta investigación analiza cómo factores corporales y culturales pueden influir en la conceptualización de “la ira” en español. Este estudio interdisciplinar compara las metáforas y metonimias asociadas con esta emoción en español con la conceptualización que tienen de ella hablantes de Colombia y España. Los resultados muestran cómo las metáforas y metonimias de la ira en español se basan en cambios fisiológicos, como el calor y la tensión muscular, y destacan mayores similitudes que diferencias en la percepción de la ira entre los hispanohablantes de ambos países.</subfield>
  </datafield>
  <datafield tag="506" ind1="0" ind2=" ">
    <subfield code="a">Access copy available to the general public</subfield>
    <subfield code="f">Unrestricted</subfield>
  </datafield>
  <datafield tag="536" ind1=" " ind2=" ">
    <subfield code="9">info:eu-repo/grantAgreement/ES/DGA/Hiberus</subfield>
    <subfield code="9">info:eu-repo/grantAgreement/ES/DGA/MultiMetAr LMP143-21</subfield>
    <subfield code="9">info:eu-repo/grantAgreement/ES/DGA/Psylex H11-17R</subfield>
    <subfield code="9">info:eu-repo/grantAgreement/ES/MICINN-AEI/PID2021-123302NB-I00</subfield>
  </datafield>
  <datafield tag="540" ind1=" " ind2=" ">
    <subfield code="9">info:eu-repo/semantics/openAccess</subfield>
    <subfield code="a">by-nc-nd</subfield>
    <subfield code="u">http://creativecommons.org/licenses/by-nc-nd/3.0/es/</subfield>
  </datafield>
  <datafield tag="655" ind1=" " ind2="4">
    <subfield code="a">info:eu-repo/semantics/article</subfield>
    <subfield code="v">info:eu-repo/semantics/publishedVersion</subfield>
  </datafield>
  <datafield tag="700" ind1=" " ind2=" ">
    <subfield code="a">Hijazo-Gascón, Alberto</subfield>
    <subfield code="u">Universidad de Zaragoza</subfield>
    <subfield code="0">(orcid)0000-0001-8320-9173</subfield>
  </datafield>
  <datafield tag="700" ind1=" " ind2=" ">
    <subfield code="a">Ibarretxe-Antuñano, Iraide</subfield>
    <subfield code="u">Universidad de Zaragoza</subfield>
    <subfield code="0">(orcid)0000-0002-0241-9265</subfield>
  </datafield>
  <datafield tag="710" ind1="2" ind2=" ">
    <subfield code="1">3013</subfield>
    <subfield code="2">575</subfield>
    <subfield code="a">Universidad de Zaragoza</subfield>
    <subfield code="b">Dpto. Lingüíst.y Liter.Hispán.</subfield>
    <subfield code="c">Área Lingüística General</subfield>
  </datafield>
  <datafield tag="710" ind1="2" ind2=" ">
    <subfield code="1">3013</subfield>
    <subfield code="2">567</subfield>
    <subfield code="a">Universidad de Zaragoza</subfield>
    <subfield code="b">Dpto. Lingüíst.y Liter.Hispán.</subfield>
    <subfield code="c">Área Lengua Española</subfield>
  </datafield>
  <datafield tag="773" ind1=" " ind2=" ">
    <subfield code="g">18, 2 (2024), 184-204</subfield>
    <subfield code="p">Visit. patio</subfield>
    <subfield code="t">Visitas al patio</subfield>
    <subfield code="x">2248-485X</subfield>
  </datafield>
  <datafield tag="856" ind1="4" ind2="1">
    <subfield code="u">https://revistas.unicartagena.edu.co/index.php/visitasalpatio/article/view/4862</subfield>
    <subfield code="z">Texto completo de la revista</subfield>
  </datafield>
  <datafield tag="856" ind1="4" ind2=" ">
    <subfield code="s">595992</subfield>
    <subfield code="u">http://zaguan.unizar.es/record/147224/files/texto_completo.pdf</subfield>
    <subfield code="y">Versión publicada</subfield>
  </datafield>
  <datafield tag="856" ind1="4" ind2=" ">
    <subfield code="s">2443837</subfield>
    <subfield code="u">http://zaguan.unizar.es/record/147224/files/texto_completo.jpg?subformat=icon</subfield>
    <subfield code="x">icon</subfield>
    <subfield code="y">Versión publicada</subfield>
  </datafield>
  <datafield tag="909" ind1="C" ind2="O">
    <subfield code="o">oai:zaguan.unizar.es:147224</subfield>
    <subfield code="p">articulos</subfield>
    <subfield code="p">driver</subfield>
  </datafield>
  <datafield tag="951" ind1=" " ind2=" ">
    <subfield code="a">2024-12-16-11:27:38</subfield>
  </datafield>
  <datafield tag="980" ind1=" " ind2=" ">
    <subfield code="a">ARTICLE</subfield>
  </datafield>
</record>
</collection>